Don Bosco e la Pia Societá Salesiana / (Record no. 153567)

MARC details
000 -LEADER
campo de control de longitud fija 00807nam a2200217 i 4500
001 - NÚMERO DE CONTROL
campo de control 153567
003 - IDENTIFICADOR DE NÚMERO DE CONTROL
campo de control ES-MaACL
005 - FECHA Y HORA DE LA ÚLTIMA TRANSACCIÓN
campo de control 20230906205304.0
008 - DATOS DE LONGITUD FIJA--INFORMACIÓN GENERAL
campo de control de longitud fija 051017s1885 sp ac |||| |dita d
080 ## - NÚMERO DE LA CLASIFICACIÓN DECIMAL UNIVERSAL
Número de la Clasificación Decimal Universal 929 Juan Bosco, Santo
080 ## - NÚMERO DE LA CLASIFICACIÓN DECIMAL UNIVERSAL
Número de la Clasificación Decimal Universal 271.789.1
100 1# - ENTRADA PRINCIPAL--NOMBRE DE PERSONA
Nombre de persona Du Boys, Albert.
9 (RLIN) 126846
245 10 - MENCIÓN DEL TÍTULO
Título Don Bosco e la Pia Societá Salesiana /
Mención de responsabilidad, etc. per Alberto du Boys ; traduzione dal francese per cura di Giuseppe Novelli.
250 ## - MENCION DE EDICION
Mención de edición 3ª ed.
260 ## - PUBLICACIÓN, DISTRIBUCIÓN, ETC.
Lugar de publicación, distribución, etc. [Barcelona] :
Nombre del editor, distribuidor, etc. Tip. e libreria salesiana di S. Benigno Canavese,
Fecha de publicación, distribución, etc. 1885.
300 ## - DESCRIPCIÓN FÍSICA
Extensión VIII, 256 p., [1] h. de lám. ;
Dimensiones 18 cm.
600 04 - PUNTO DE ACCESO ADICIONAL DE MATERIA--NOMBRE DE PERSONA
Nombre de persona Juan Bosco
Títulos y otros términos asociados al nombre Santo.
9 (RLIN) 67105
610 04 - PUNTO DE ACCESO ADICIONAL DE MATERIA--NOMBRE DE ENTIDAD CORPORATIVA
Nombre de entidad corporativa o nombre de jurisdicción como elemento de entrada Salesianos.
9 (RLIN) 6486
700 1# - ENTRADA AGREGADA--NOMBRE PERSONAL
Nombre de persona Novelli, Giuseppe.
9 (RLIN) 130536
852 ## - LOCALIZACIÓN
Ubicación ES-MaACL
Número de control de estantería D-292
Nota libre - Enc. hol., conservando la cub. original
-- . - Donativo Lastres
Holdings
Estatus retirado Estado de pérdida Estado de daño No para préstamo Colección Biblioteca de origen Biblioteca actual Ubicación en estantería Fecha de adquisición Fuente de adquisición Total de préstamos Signatura topográfica completa Código de barras Visto por última vez Precio de reemplazo Tipo de ítem Koha
        Libros del s. XIX Biblioteca del Ateneo de Madrid Biblioteca del Ateneo de Madrid Sala Valle Inclán 17/01/2008     D-292 901160533 23/02/2023 23/02/2023 Libro impreso antiguo